Vegetation and hydrology / (Record no. 5021)
[ view plain ]
| 000 -LEADER | |
|---|---|
| fixed length control field | 00699cam a2200205 i 4500 |
| 001 - CONTROL NUMBER | |
| control field | BD-DhSAU 5021 |
| 003 - CONTROL NUMBER IDENTIFIER | |
| control field | BD-DhSAU |
| 005 - DATE AND TIME OF LATEST TRANSACTION | |
| control field | 20150410103926.0 |
| 008 - FIXED-LENGTH DATA ELEMENTS--GENERAL INFORMATION | |
| fixed length control field | 761011s1963 enka r 001 0 eng d |
| 040 ## - CATALOGING SOURCE | |
| Original cataloging agency | BD-DhSAU |
| 082 ## - DEWEY DECIMAL CLASSIFICATION NUMBER | |
| Classification number | 551.48 |
| Edition number | 22 |
| Item number | PEV |
| 100 1# - MAIN ENTRY--PERSONAL NAME | |
| Personal name | Penman, H. L. |
| Fuller form of name | (Howard Latimer), |
| Dates associated with a name | -1984. |
| 245 10 - TITLE STATEMENT | |
| Title | Vegetation and hydrology / |
| Statement of responsibility, etc. | by H. L. Penman. |
| 260 ## - PUBLICATION, DISTRIBUTION, ETC. (IMPRINT) | |
| Place of publication, distribution, etc. | Farnham Royal, Bucks., Eng. : |
| Name of publisher, distributor, etc. | Commonwealth Agricultural Bureaux, |
| Date of publication, distribution, etc. | c1963. |
| 300 ## - PHYSICAL DESCRIPTION | |
| Extent | 124 p. : |
| Other physical details | ill. ; |
| Dimensions | 22 cm. |
| 440 ## - SERIES STATEMENT/ADDED ENTRY--TITLE | |
| Title | Commonwealth Bureau of Soil Science. Technical communication |
| Number of part/section of a work | no. 53 |
| 504 ## - BIBLIOGRAPHY, ETC. NOTE | |
| Bibliography, etc | Includes bibliographical references and index. |
| 590 ## - Name of Cataloguer | |
| Name of Cataloger | joy |
| 650 #0 - SUBJECT ADDED ENTRY--TOPICAL TERM | |
| Topical term or geographic name as entry element | Plant-water relationships. |
| 942 ## - ADDED ENTRY ELEMENTS (KOHA) | |
| Source of classification or shelving scheme | Dewey Decimal Classification |
| Koha item type | Book |
| Withdrawn status | Lost status | Source of classification or shelving scheme | Damaged status | Not for loan | Collection code | Home library | Branch Name | Shelving location | Date acquired | Total Checkouts | Full call number | Barcode | Date last seen | Price effective from | Koha item type |
|---|---|---|---|---|---|---|---|---|---|---|---|---|---|---|---|
| Dewey Decimal Classification | Not For Loan | Reference | SAU Library | SAU Library | Reference | 23/04/1979 | 551.48 PEV | 3040 | 10/04/2015 | 10/04/2015 | Book |
